Visualizzazione normale
Vista MARC
- Heymann Werner R.
di Personal Name
Records bibliografici associati: 1
001 - CONTROL NUMBER
- control field: 9287
003 - CONTROL NUMBER IDENTIFIER
- control field: IT-RoPau
005 - DATE AND TIME OF LATEST TRANSACTION
- control field: 20140115220818.0
008 - FIXED-LENGTH DATA ELEMENTS
- fixed length control field: 140115|| aca||aabn | a|a d
040 ## - CATALOGING SOURCE
- Original cataloging agency: IT-RoPau
- Transcribing agency: IT-RoPau
100 ## - HEADING--PERSONAL NAME
- Personal name: Heymann Werner R.
- Miscellaneous information: Codice autore musica SPICS: 16500
- Relator term: Autore musica
- Name of part/section of a work: Eine Nacht in Monte Carlo
670 ## - SOURCE DATA FOUND
- Source citation: Work cat.: (IT-RoPau)102264: AA.VV. 794, Tango Party